[Event "SRB-chT 1st League"]
[Site "Bajina Basta"]
[Date "2020.10.14"]
[Round "7.5"]
[White "Milic, Slobodan"]
[Black "Novoselski, Zoran"]
[Result "0-1"]
[WhiteElo "1888"]
[BlackElo "2318"]
[PlyCount "76"]
[EventDate "2020.10.10"]
[EventType "team-tourn"]
[EventRounds "11"]
[EventCountry "SRB"]
[SourceTitle "CBM 198 Extra"]
[Source "ChessBase"]
[SourceDate "2020.11.30"]
[SourceVersion "1"]
[SourceVersionDate "2020.11.30"]
[SourceQuality "1"]
[WhiteTeam "Surdulica Radnik"]
[BlackTeam "Cacak Borac"]
[WhiteTeamCountry "SRB"]
[BlackTeamCountry "SRB"]

1. d4 e6 2. c4 b6 3. Bf4 Bb7 4. Nf3 f5 5. e3 Nf6 6. Nc3 Bb4 7. Qb3 a5 8. a3 Bxc3+ 9. Qxc3 Ne4 10. Qc2 d6 11. h4 Nd7 12. Ng5 Qe7 13. Nxe4 Bxe4 14. Qc3 e5 15. Bg5 Qf7 16. h5 h6 17. Bh4 0-0 18. f3 Bb7 19. Bf2 e4 20. f4 Nf6 21. Be2 d5 22. b3 a4 23. b4 dxc4 24. Bxc4 Bd5 25. Be2 Rfc8 26. Rc1 Kh8 27. Kf1 Qe8 28. Kg1 c6 29. g3 Bf7 30. Rh4 Bxh5 31. Bxh5 Nxh5 32. g4 fxg4 33. Rxg4 Qe6 34. Rh4 Nf6 35. Kg2 Ra7 36. Rch1 Rac7 37. Qc2 c5 38. dxc5 bxc5 0-1

[Event "SRB-chT 1st League"]
[Site "Bajina Basta"]
[Date "2020.10.12"]
[Round "3.3"]
[White "Milic, Slobodan"]
[Black "Ivanovic, Marko"]
[Result "0-1"]
[WhiteElo "1888"]
[BlackElo "2277"]
[PlyCount "52"]
[EventDate "2020.10.10"]
[EventType "team-tourn"]
[EventRounds "11"]
[EventCountry "SRB"]
[SourceTitle "CBM 198 Extra"]
[Source "ChessBase"]
[SourceDate "2020.11.30"]
[SourceVersion "1"]
[SourceVersionDate "2020.11.30"]
[SourceQuality "1"]
[WhiteTeam "Surdulica Radnik"]
[BlackTeam "Kostolac Rudar"]
[WhiteTeamCountry "SRB"]
[BlackTeamCountry "SRB"]

1. d4 Nf6 2. Nf3 g6 3. g3 Bg7 4. Bg2 0-0 5. 0-0 d6 6. Re1 Nbd7 7. e4 e5 8. dxe5 dxe5 9. Nbd2 Qe7 10. Qe2 b6 11. b3 Nc5 12. Bb2 Nfd7 13. Nf1 Ba6 14. c4 Bb7 15. N3d2 Ne6 16. Ne3 c6 17. a4 Nd4 18. Qd1 a5 19. Nc2 Ne6 20. Kh1 Ndc5 21. Ba3 Rfd8 22. Qe2 Qc7 23. Rab1 Rd3 24. Bxc5 Nxc5 25. Ne3 Rad8 26. Nd5 cxd5 0-1

[Event "Paracin Summer op"]
[Site "Paracin"]
[Date "2020.07.03"]
[Round "1"]
[White "Milic, Slobodan"]
[Black "Stankovic, Milos"]
[Result "0-1"]
[WhiteElo "1910"]
[BlackElo "2454"]
[PlyCount "54"]
[EventDate "2020.07.03"]
[EventType "swiss"]
[EventRounds "9"]
[EventCountry "SRB"]
[SourceTitle "CBM 197 Extra"]
[Source "ChessBase"]
[SourceDate "2020.09.30"]
[SourceVersion "1"]
[SourceVersionDate "2020.09.30"]
[SourceQuality "1"]

1. e4 c5 2. Nf3 d6 3. Bb5+ Nd7 4. c3 Ngf6 5. d3 a6 6. Ba4 e6 7. 0-0 Be7 8. Re1 0-0 9. Nbd2 b5 10. Bc2 Bb7 11. d4 cxd4 12. cxd4 e5 13. Nf1 Re8 14. Ng3 Rc8 15. Bb3 exd4 16. Ng5 Ne5 17. f4 Nc4 18. Kh1 h6 19. Nf3 d5 20. e5 Ne4 21. Nxe4 dxe4 22. Nxd4 Bb4 23. Rf1 Qb6 24. Nf5 Qg6 25. Nh4 Qe6 26. Qe2 Be7 27. Qf2 Qg4 0-1

[Event "Belgrade ChessAmateur op 5th"]
[Site "Belgrade"]
[Date "2019.01.09"]
[Round "8"]
[White "Velickovski Nejkovic, Maja"]
[Black "Milic, Slobodan"]
[Result "0-1"]
[WhiteElo "2136"]
[BlackElo "1948"]
[PlyCount "154"]
[EventDate "2019.01.04"]
[EventType "swiss"]
[EventRounds "9"]
[EventCountry "SRB"]
[SourceTitle "CBM 188 Extra"]
[Source "ChessBase"]
[SourceDate "2019.02.26"]
[SourceVersion "1"]
[SourceVersionDate "2019.02.26"]
[SourceQuality "1"]

1. c4 c6 2. d4 d5 3. Nc3 Nf6 4. Nf3 e6 5. e3 Bd6 6. Qc2 Nbd7 7. b3 b6 8. Be2 Bb7 9. 0-0 0-0 10. Bb2 Re8 11. Rfd1 Qe7 12. Rac1 Rac8 13. Qb1 Ba3 14. Bxa3 Qxa3 15. b4 a5 16. bxa5 Qxa5 17. a4 Ra8 18. Nd2 Qa7 19. Bd3 Qb8 20. Qc2 e5 21. cxd5 cxd5 22. Bb5 exd4 23. exd4 Qf4 24. Nf1 Rec8 25. Qd3 Nf8 26. Ne2 Qd6 27. Ne3 Ng6 28. g3 Ne7 29. Nf5 Nxf5 30. Qxf5 Bc6 31. Nf4 Rc7 32. Qe5 Qd7 33. Qxc7 Qxc7 34. Rxc6 Qa7 35. Rdc1 h6 36. Kg2 Qa5 37. Nd3 Rb8 38. R1c2 Ne4 39. Nf4 Qb4 40. Nxd5 Qxd4 41. Ne3 g6 42. h4 Nd2 43. h5 Qe4+ 44. Kh2 Nf3+ 45. Kh3 Ng1+ 46. Kh2 Nf3+ 47. Kh3 gxh5 48. Be2 Ne1 49. Bxh5 Qh1+ 50. Kg4 Qf3+ 51. Kh4 Qe4+ 52. Kh3 Nxc2 53. Rxc2 Rb7 54. Bd1 Rd7 55. Rc8+ Kg7 56. Bc2 Qh1+ 57. Kg4 Rd4+ 58. f4 h5+ 59. Kf5 Qh3+ 60. Ke5 Qxc8 61. Kxd4 Qh3 62. Bd3 Kf8 63. Nf5 Qg2 64. Bb5 Qd2+ 65. Ke5 Qc3+ 66. Ke4 Qc5 67. Nd4 Ke7 68. Nc6+ Kf6 69. Ne5 Qc2+ 70. Kf3 Qd1+ 71. Kf2 Ke7 72. Nd3 f6 73. Ke3 Qg1+ 74. Kf3 Qh1+ 75. Ke3 Kd6 76. f5 Qd5 77. Kf2 Qa2+ 0-1

[Event "Belgrade ChessAmateur op 5th"]
[Site "Belgrade"]
[Date "2019.01.05"]
[Round "3"]
[White "Milic, Slobodan"]
[Black "Theoharidis, Georgios"]
[Result "0-1"]
[WhiteElo "1948"]
[BlackElo "1816"]
[PlyCount "80"]
[EventDate "2019.01.04"]
[EventType "swiss"]
[EventRounds "9"]
[EventCountry "SRB"]
[SourceTitle "CBM 188 Extra"]
[Source "ChessBase"]
[SourceDate "2019.02.26"]
[SourceVersion "1"]
[SourceVersionDate "2019.02.26"]
[SourceQuality "1"]

1. d4 f5 2. Nf3 Nf6 3. c4 g6 4. Nc3 Bg7 5. g3 0-0 6. Bg2 d6 7. 0-0 Qe8 8. Re1 Nh5 9. a4 Na6 10. e3 c6 11. Ng5 h6 12. Nh3 e5 13. Rb1 Qf7 14. d5 c5 15. Nb5 Qe7 16. Bd2 Nb8 17. b4 a6 18. Nc3 cxb4 19. Rxb4 Nd7 20. a5 Nc5 21. Qb1 Bd7 22. Bf1 Qf6 23. f3 g5 24. Nf2 Rae8 25. Nd3 Nxd3 26. Bxd3 e4 27. fxe4 Qe5 28. Ne2 fxe4 29. Bc3 Qf5 30. Bxe4 Rxe4 31. Bxg7 Qf2+ 32. Kh1 Qf3+ 33. Kg1 Bh3 34. Nf4 gxf4 35. Qb2 Nxg7 36. Rxb7 Rf7 37. Rb8+ Kh7 38. gxf4 Rxe3 39. Qc2+ Bf5 40. Qd2 Qg4+ 0-1

[Event "Belgrade ChessAmateur op 5th"]
[Site "Belgrade"]
[Date "2019.01.05"]
[Round "2"]
[White "Sokic, Dragomir"]
[Black "Milic, Slobodan"]
[Result "1-0"]
[WhiteElo "2176"]
[BlackElo "1948"]
[PlyCount "57"]
[EventDate "2019.01.04"]
[EventType "swiss"]
[EventRounds "9"]
[EventCountry "SRB"]
[SourceTitle "CBM 188 Extra"]
[Source "ChessBase"]
[SourceDate "2019.02.26"]
[SourceVersion "1"]
[SourceVersionDate "2019.02.26"]
[SourceQuality "1"]

1. Nf3 Nf6 2. c4 c6 3. Nc3 d5 4. e3 b6 5. Ne5 e6 6. d4 Bb7 7. Bd3 Nbd7 8. 0-0 dxc4 9. Nxc4 Be7 10. e4 b5 11. Ne3 Qb6 12. e5 Ng8 13. Qg4 g6 14. a4 h5 15. Qf3 Qxd4 16. Nxb5 cxb5 17. Qxb7 Rb8 18. Qc6 Qxe5 19. Bxb5 Ngf6 20. Rd1 Rd8 21. Nc4 Qb8 22. Bg5 0-0 23. Rxd7 Ng4 24. Bxe7 Qxh2+ 25. Kf1 Rc8 26. Qe4 Qh1+ 27. Ke2 Qxa1 28. Bxf8 Nf6 29. Qd4 1-0

[Event "Belgrade ChessAmateur op 5th"]
[Site "Belgrade"]
[Date "2019.01.04"]
[Round "1"]
[White "Milic, Slobodan"]
[Black "Popovic, Nenad"]
[Result "0-1"]
[WhiteElo "1948"]
[BlackElo "2258"]
[PlyCount "60"]
[EventDate "2019.01.04"]
[EventType "swiss"]
[EventRounds "9"]
[EventCountry "SRB"]
[SourceTitle "CBM 188 Extra"]
[Source "ChessBase"]
[SourceDate "2019.02.26"]
[SourceVersion "1"]
[SourceVersionDate "2019.02.26"]
[SourceQuality "1"]

1. b3 d5 2. Bb2 Nf6 3. g3 Bf5 4. Bg2 e6 5. Nf3 Nbd7 6. d3 c6 7. Nbd2 Qc7 8. c4 Bd6 9. Qc2 c5 10. cxd5 exd5 11. e4 Bg6 12. Nh4 0-0 13. Nxg6 fxg6 14. 0-0 g5 15. Rae1 d4 16. Nc4 g4 17. Bc1 Ne5 18. f4 gxf3 19. Bxf3 Kh8 20. Nxd6 Qxd6 21. Bf4 b6 22. Bxe5 Qxe5 23. Qd2 Rae8 24. Rf2 Nd5 25. Ree2 Ne3 26. Bg2 Qh5 27. Rxf8+ Rxf8 28. Rf2 Rf6 29. Rxf6 gxf6 30. Qf2 Ng4 0-1

[Event "Belgrade Trophy 32nd"]
[Site "Belgrade"]
[Date "2018.12.01"]
[Round "8"]
[White "Milic, Slobodan"]
[Black "Kostic, V Vladimir"]
[Result "1/2-1/2"]
[WhiteElo "1941"]
[BlackElo "2266"]
[PlyCount "35"]
[EventDate "2018.11.24"]
[EventType "swiss"]
[EventRounds "9"]
[EventCountry "SRB"]
[SourceTitle "CBM 187 Extra"]
[Source "ChessBase"]
[SourceDate "2018.11.04"]
[SourceVersion "1"]
[SourceVersionDate "2018.11.04"]
[SourceQuality "1"]

1. Nf3 c5 2. c3 Nf6 3. d4 b6 4. Bf4 Bb7 5. e3 g6 6. Be2 Bg7 7. h3 0-0 8. 0-0 d6 9. Nbd2 Nbd7 10. Re1 Re8 11. Qb3 Rc8 12. Rad1 h6 13. Bh2 g5 14. g4 Nf8 15. Nf1 Rc7 16. Ng3 Qa8 17. Nd2 Ng6 18. Nf5 1/2-1/2

[Event "SRB-chT2 East"]
[Site "Serbia"]
[Date "2018.09.09"]
[Round "4.6"]
[White "Milic, Slobodan"]
[Black "Djelic, Jovan"]
[Result "1-0"]
[WhiteElo "1927"]
[BlackElo "1448"]
[PlyCount "51"]
[EventDate "2018.09.07"]
[EventType "team-tourn"]
[EventRounds "11"]
[EventCountry "SRB"]
[SourceTitle "EXT 2021"]
[Source "ChessBase"]
[SourceDate "2020.10.23"]
[SourceVersion "1"]
[SourceVersionDate "2020.10.23"]
[SourceQuality "1"]
[WhiteTeam "Surdulica Radnik"]
[BlackTeam "Pirot Cast i Slava"]
[WhiteTeamCountry "SRB"]
[BlackTeamCountry "SRB"]

1. Nf3 g6 2. d4 Bg7 3. Bf4 Nf6 4. e3 d6 5. Bc4 Bg4 6. h3 Bxf3 7. Qxf3 c6 8. Nd2 Nbd7 9. c3 0-0 10. g4 e5 11. Bg5 exd4 12. cxd4 Qb6 13. Bb3 Rfe8 14. 0-0 d5 15. Rab1 Qb4 16. Rfd1 h5 17. Bc2 Re6 18. Nb3 Ne4 19. Bxe4 Rxe4 20. Qg3 Bf6 21. Bxf6 Nxf6 22. Nc5 Re7 23. a3 Qb6 24. Qd6 Rae8 25. Qxf6 Qc7 26. Qf3 1-0

[Event "SRB-chT2 East"]
[Site "Serbia"]
[Date "2018.09.08"]
[Round "2.5"]
[White "Milic, Slobodan"]
[Black "Micovic, Nikola"]
[Result "1/2-1/2"]
[WhiteElo "1927"]
[BlackElo "1868"]
[PlyCount "30"]
[EventDate "2018.09.07"]
[EventType "team-tourn"]
[EventRounds "11"]
[EventCountry "SRB"]
[SourceTitle "EXT 2021"]
[Source "ChessBase"]
[SourceDate "2020.10.23"]
[SourceVersion "1"]
[SourceVersionDate "2020.10.23"]
[SourceQuality "1"]
[WhiteTeam "Surdulica Radnik"]
[BlackTeam "Leskovac Glubocica"]
[WhiteTeamCountry "SRB"]
[BlackTeamCountry "SRB"]

1. Nf3 d5 2. d4 c6 3. Bf4 Nf6 4. e3 Bg4 5. Be2 e6 6. 0-0 Be7 7. Nbd2 Nbd7 8. h3 Bh5 9. Ne5 Bxe2 10. Qxe2 0-0 11. Ndf3 Rc8 12. Rac1 c5 13. c4 Nb6 14. Rfd1 cxd4 15. Nxd4 a6 1/2-1/2

[Event "SRB-chT2 East"]
[Site "Serbia"]
[Date "2018.09.08"]
[Round "3.5"]
[White "Simic, Anja"]
[Black "Milic, Slobodan"]
[Result "1/2-1/2"]
[WhiteElo "1813"]
[BlackElo "1927"]
[PlyCount "48"]
[EventDate "2018.09.07"]
[EventType "team-tourn"]
[EventRounds "11"]
[EventCountry "SRB"]
[SourceTitle "EXT 2021"]
[Source "ChessBase"]
[SourceDate "2020.10.23"]
[SourceVersion "1"]
[SourceVersionDate "2020.10.23"]
[SourceQuality "1"]
[WhiteTeam "Nis Svitanja"]
[BlackTeam "Surdulica Radnik"]
[WhiteTeamCountry "SRB"]
[BlackTeamCountry "SRB"]

1. d4 Nf6 2. c4 e6 3. Nc3 Bb4 4. Qc2 d5 5. cxd5 exd5 6. Bg5 c6 7. e3 0-0 8. Bd3 h6 9. Bh4 Nbd7 10. Nge2 Re8 11. 0-0 Be7 12. Rab1 Ne4 13. Bxe7 Qxe7 14. b4 a6 15. a4 Ndf6 16. b5 axb5 17. axb5 Bd7 18. bxc6 bxc6 19. Bxe4 Nxe4 20. Nxe4 dxe4 21. Rbc1 Ra5 22. Ra1 Rh5 23. Nf4 Rb5 24. Rab1 Reb8 1/2-1/2

[Event "Paracin Summer op-B 11th"]
[Site "Paracin"]
[Date "2018.07.10"]
[Round "5"]
[White "Milic, Slobodan"]
[Black "Zivanovic, Blagoje"]
[Result "1/2-1/2"]
[WhiteElo "1919"]
[BlackElo "2061"]
[PlyCount "41"]
[EventDate "2018.07.06"]
[EventType "swiss"]
[EventRounds "9"]
[EventCountry "SRB"]
[SourceTitle "EXT 2019"]
[Source "ChessBase"]
[SourceDate "2018.10.10"]
[SourceVersion "1"]
[SourceVersionDate "2018.10.10"]
[SourceQuality "1"]

1. b3 d5 2. c4 Nf6 3. Bb2 e6 4. Nf3 b6 5. cxd5 exd5 6. g3 Bb7 7. Bg2 g6 8. 0-0 Bg7 9. Qc2 0-0 10. d4 Nbd7 11. e3 Rc8 12. b4 a6 13. Nbd2 Qe7 14. a3 Rfe8 15. Nb3 Ne4 16. Rad1 f5 17. Qb1 Red8 18. Nc1 Nd6 19. h4 Nc4 20. Nd3 Bh6 21. Bc1 1/2-1/2

[Event "Paracin Summer op-B 11th"]
[Site "Paracin"]
[Date "2018.07.09"]
[Round "4"]
[White "Dimitrijevic, Dusan"]
[Black "Milic, Slobodan"]
[Result "0-1"]
[WhiteElo "2088"]
[BlackElo "1919"]
[PlyCount "86"]
[EventDate "2018.07.06"]
[EventType "swiss"]
[EventRounds "9"]
[EventCountry "SRB"]
[SourceTitle "EXT 2019"]
[Source "ChessBase"]
[SourceDate "2018.10.10"]
[SourceVersion "1"]
[SourceVersionDate "2018.10.10"]
[SourceQuality "1"]

1. e4 d6 2. d4 Nf6 3. Nc3 g6 4. Bg5 Bg7 5. Qd2 c6 6. Nf3 Bg4 7. Be2 h6 8. Be3 b5 9. a3 d5 10. h3 Be6 11. exd5 Nxd5 12. Nxd5 Bxd5 13. 0-0 Nd7 14. a4 a6 15. Ra3 Nb6 16. Rfa1 Rb8 17. axb5 axb5 18. Ne5 g5 19. f4 Qd6 20. fxg5 hxg5 21. Ra6 f6 22. Nf3 Rxh3 23. gxh3 Qg3+ 24. Kf1 Nc4 25. Qd3 Bxf3 26. Bf2 Qxh3+ 27. Ke1 Qh1+ 28. Bf1 Be4 29. Qg3 Rd8 30. b3 Nd6 31. Kd2 Bg6 32. Qg2 Ne4+ 33. Ke3 Nxf2 34. Kxf2 Qh4+ 35. Kg1 Qxd4+ 36. Qf2 Qg4+ 37. Qg2 Qd4+ 38. Qf2 Qc3 39. Ra8 Rxa8 40. Rxa8+ Kf7 41. Rc8 Be4 42. Bxb5 f5 43. Bxc6 Qa1+ 0-1

[Event "Belgrade Trophy 31st"]
[Site "Belgrade"]
[Date "2017.11.26"]
[Round "3"]
[White "Stankovic, Branislav D"]
[Black "Milic, Slobodan"]
[Result "1-0"]
[WhiteElo "2172"]
[BlackElo "1927"]
[PlyCount "67"]
[EventDate "2017.11.24"]
[EventType "swiss"]
[EventRounds "9"]
[EventCountry "SRB"]
[SourceTitle "CBM 181 Extra"]
[Source "ChessBase"]
[SourceDate "2017.12.12"]
[SourceVersion "1"]
[SourceVersionDate "2017.12.12"]
[SourceQuality "1"]

1. d4 Nf6 2. c4 e6 3. Nc3 d5 4. cxd5 exd5 5. Bg5 Be7 6. e3 0-0 7. Bd3 Nbd7 8. Qc2 c6 9. Nf3 Re8 10. 0-0 h6 11. Bf4 Bf8 12. h3 c5 13. Nb5 c4 14. Be2 Re4 15. Bh2 a6 16. Nc7 Ra7 17. Nxd5 b5 18. Nxf6+ Nxf6 19. a4 Rb7 20. axb5 axb5 21. Ne5 Bf5 22. Qd2 Bd6 23. Bf3 b4 24. Nxc4 Bxh2+ 25. Kxh2 Qc7+ 26. Ne5 Rb5 27. Rfc1 Qb8 28. Kg1 g5 29. Qe2 Kg7 30. Ra8 Qb6 31. Rc6 Qb7 32. Rca6 Be6 33. R8a7 Qb8 34. Nc6 1-0

[Event "SRB-chT2 East CS"]
[Site "Kragujevac"]
[Date "2016.10.08"]
[Round "9.5"]
[White "Milic, Slobodan"]
[Black "Tosic, Nebojsa"]
[Result "0-1"]
[WhiteElo "1924"]
[BlackElo "2148"]
[PlyCount "60"]
[EventDate "2016.08.26"]
[EventType "team-tourn"]
[EventRounds "11"]
[EventCountry "SRB"]
[SourceTitle "EXT 2021"]
[Source "ChessBase"]
[SourceDate "2020.10.23"]
[SourceVersion "1"]
[SourceVersionDate "2020.10.23"]
[SourceQuality "1"]

1. d4 Nf6 2. Bg5 Ne4 3. Bf4 c5 4. f3 Qa5+ 5. c3 Nf6 6. d5 g6 7. e4 d6 8. Bd3 Bg7 9. Na3 Qc7 10. Qd2 h6 11. g4 a6 12. Ne2 b5 13. Rc1 Nbd7 14. Kf2 Nf8 15. Ng3 h5 16. g5 N6d7 17. Nc2 Nb6 18. Rhe1 Nfd7 19. Ne3 Ne5 20. Bb1 Qd7 21. Rf1 Qh3 22. Kg1 h4 23. Bxe5 Bxe5 24. f4 hxg3 25. fxe5 g2 26. Nxg2 Qxh2+ 27. Kf2 Bh3 28. Rg1 Bxg2 29. Rxg2 Nc4 30. Qe2 Qf4+ 0-1

[Event "SRB Central-chT qual"]
[Site "Nis"]
[Date "2014.10.03"]
[Round "3"]
[White "Milic, Slobodan"]
[Black "Milutinovic, Danijel"]
[Result "1/2-1/2"]
[WhiteElo "1930"]
[BlackElo "1773"]
[PlyCount "74"]
[EventDate "2014.10.02"]
[EventType "team-tourn"]
[EventRounds "7"]
[EventCountry "SRB"]
[SourceTitle "CBM 163 Extra"]
[Source "ChessBase"]
[SourceDate "2014.12.23"]
[SourceVersion "1"]
[SourceVersionDate "2014.12.23"]
[SourceQuality "1"]

1. c4 e6 2. g3 d5 3. Bg2 Nf6 4. Nf3 Be7 5. 0-0 0-0 6. b3 Nbd7 7. Bb2 c6 8. d3 b6 9. Nbd2 Bb7 10. Rc1 c5 11. d4 Rc8 12. Rc2 Re8 13. e3 h6 14. Ne5 Nxe5 15. dxe5 Nd7 16. Qg4 Bf8 17. f4 Qc7 18. Nf3 dxc4 19. bxc4 Be4 20. Rcf2 Bf5 21. Qh4 Be7 22. Qh5 Nf8 23. g4 Bd3 24. Rc1 Bg6 25. Qh3 Be4 26. Qg3 Nh7 27. h4 Rf8 28. Nd2 Bxg2 29. Kxg2 Qd8 30. g5 g6 31. h5 hxg5 32. hxg6 fxg6 33. Qh3 Qe8 34. Qxe6+ Qf7 35. Qg4 Qf5 36. Qg3 gxf4 37. exf4 Rc6 1/2-1/2

[Event "SRB-chT2 South"]
[Site "Nis"]
[Date "2013.10.20"]
[Round "6.3"]
[White "Zlatanovic, Nikola"]
[Black "Milic, Slobodan"]
[Result "1/2-1/2"]
[WhiteElo "2065"]
[BlackElo "1920"]
[PlyCount "85"]
[EventDate "2013.10.17"]
[EventType "team-swiss"]
[EventRounds "8"]
[EventCountry "SRB"]
[SourceTitle "EXT 2015"]
[Source "ChessBase"]
[SourceDate "2014.11.20"]
[SourceVersion "1"]
[SourceVersionDate "2014.11.20"]
[SourceQuality "1"]

1. d4 Nf6 2. Nf3 e6 3. c4 b6 4. g3 Bb7 5. Bg2 Be7 6. Nc3 d5 7. e3 Nbd7 8. cxd5 exd5 9. 0-0 0-0 10. b3 Re8 11. Bb2 Bf8 12. Rc1 Rc8 13. Qe2 a6 14. Rfd1 Bb4 15. Na4 Qe7 16. Ne5 Nxe5 17. dxe5 Ne4 18. f3 Nc5 19. Nxc5 Bxc5 20. f4 c6 21. Kh1 Ba3 22. Bxa3 Qxa3 23. e4 dxe4 24. Bxe4 g6 25. Rc2 Qe7 26. Rd6 Red8 27. Rxd8+ Qxd8 28. Rd2 Qe7 29. Qf3 Rd8 30. Rc2 Qa3 31. f5 Qe7 32. Re2 Qxe5 33. fxg6 Qa1+ 34. Kg2 hxg6 35. Bxc6 Bc8 36. Bd5 Be6 37. Bxe6 fxe6 38. Qe4 Qf6 39. Qxe6+ Qxe6 40. Rxe6 Kf7 41. Rxb6 Rd2+ 42. Kf3 Rxa2 43. h4 1/2-1/2

[Event "SRB-chT2 South"]
[Site "Nis"]
[Date "2013.10.18"]
[Round "2.7"]
[White "Milic, Slobodan"]
[Black "Zdravkovic, Dragan S"]
[Result "1/2-1/2"]
[WhiteElo "1920"]
[BlackElo "1859"]
[PlyCount "24"]
[EventDate "2013.10.17"]
[EventType "team-swiss"]
[EventRounds "8"]
[EventCountry "SRB"]
[SourceTitle "EXT 2014"]
[Source "ChessBase"]
[SourceDate "2013.11.20"]
[SourceVersion "1"]
[SourceVersionDate "2013.11.20"]
[SourceQuality "1"]

1. c4 c5 2. Nc3 Nc6 3. g3 Nf6 4. Bg2 g6 5. Nf3 d5 6. cxd5 Nxd5 7. d3 Bg7 8. Bd2 0-0 9. 0-0 Nc7 10. Qc1 b6 11. Bh6 Bb7 12. Bxg7 Kxg7 1/2-1/2

[Event "SRB-chT2 South"]
[Site "Nis"]
[Date "2013.10.18"]
[Round "3.7"]
[White "Stanojevic, Ilija"]
[Black "Milic, Slobodan"]
[Result "1/2-1/2"]
[WhiteElo "1824"]
[BlackElo "1920"]
[PlyCount "68"]
[EventDate "2013.10.17"]
[EventType "team-swiss"]
[EventRounds "8"]
[EventCountry "SRB"]
[SourceTitle "EXT 2014"]
[Source "ChessBase"]
[SourceDate "2013.11.20"]
[SourceVersion "1"]
[SourceVersionDate "2013.11.20"]
[SourceQuality "1"]

1. d4 d5 2. c4 e6 3. Nf3 Nf6 4. Bg5 c6 5. Nc3 Bb4 6. Rc1 Nbd7 7. e3 Qa5 8. Qb3 Ne4 9. cxd5 Nxg5 10. Nxg5 exd5 11. Bd3 h6 12. Nf3 Nf6 13. 0-0 0-0 14. a3 Bd6 15. e4 dxe4 16. Nxe4 Nxe4 17. Bxe4 Qh5 18. h3 Rb8 19. Rfe1 Bd7 20. Ne5 Be6 21. Qc3 Rbc8 22. Nc4 Bb8 23. Qf3 Qg5 24. b3 f5 25. Bb1 Bd5 26. h4 Qxh4 27. Qh3 Qxh3 28. gxh3 g6 29. Ne5 Kg7 30. b4 a6 31. Nd7 Rf7 32. Nb6 Rd8 33. Nxd5 cxd5 34. Ba2 Ba7 1/2-1/2

[Event "Belgrade Trophy 19th"]
[Site "Belgrade"]
[Date "2006.11.23"]
[Round "2"]
[White "Milic, Slobodan"]
[Black "Marinkov, Svetislav"]
[Result "1/2-1/2"]
[WhiteElo "1912"]
[BlackElo "2071"]
[PlyCount "141"]
[EventDate "2006.11.22"]
[EventType "swiss"]
[EventRounds "9"]
[EventCountry "YUG"]
[SourceTitle "CBM 115 Extra"]
[Source "ChessBase"]
[SourceDate "2007.01.10"]
[SourceVersion "1"]
[SourceVersionDate "2007.01.10"]
[SourceQuality "1"]

1. e4 c5 2. Nf3 d6 3. d4 cxd4 4. Nxd4 Nf6 5. Nc3 a6 6. Be3 e5 7. Nb3 Be6 8. Qd2 Nbd7 9. f3 b5 10. g4 Nb6 11. g5 Nh5 12. Na5 Qc7 13. Nd5 Nxd5 14. exd5 Bd7 15. Bd3 g6 16. 0-0-0 Bg7 17. Kb1 0-0 18. Rc1 f5 19. c4 b4 20. Nb3 Nf4 21. Bxf4 exf4 22. Qxf4 Be5 23. Qd2 Qb6 24. c5 dxc5 25. Nxc5 Rfd8 26. f4 Bd4 27. Nxd7 Rxd7 28. Rc6 Be3 29. Qe2 Qd4 30. Rd1 Qxf4 31. Re1 Bd4 32. Qe6+ Rf7 33. Bc4 Qd2 34. Qe2 Qxe2 35. Rxe2 Kf8 36. Bxa6 f4 37. Rd2 Be3 38. Rd1 f3 39. Bc4 Bxg5 40. d6 Rf4 41. Kc2 f2 42. d7 Rd8 43. a4 bxa3 44. bxa3 Be7 45. Rc8 Kg7 46. Bb5 Rff8 47. Rxd8 Bxd8 48. a4 Kf6 49. Kd3 Kg5 50. Ke2 Kh4 51. Rd4+ Kh3 52. Kf1 h5 53. Re4 Rf6 54. Re8 Ba5 55. d8Q Bxd8 56. Rxd8 Kxh2 57. Rd2 Kg3 58. Rd3+ Kh4 59. Bd7 Kg5 60. a5 Ra6 61. Rd5+ Kf4 62. Kxf2 Ke4 63. Rb5 Kd4 64. Bc8 Rc6 65. Bb7 Rc2+ 66. Kg3 Rc5 67. Rb4+ Kc3 68. Ra4 Kb3 69. Ra1 Kb2 70. Ra4 Kb3 71. Ra1 1/2-1/2